Formule 1 - Pilotes : Mort subite - Statistiques

Statistiques générales
  • Ce quiz a été pris 98 fois
  • Le résultat moyen est 15 sur 17
Answers on the Grid
Answers color-coded by a green-red scale on the quiz's grid according to % correct below.
Fernando Alonso
Gianluigi Buffon
Jenson Button
Mike Conway
Alessandro Del Piero
Philippe Gilbert
Mika Häkkinen
Lewis Hamilton
Damon Hill
Stephen King
Niki Lauda
Charles Leclerc
Colin McRae
Daniil Medvedev
Lando Norris
Rogar Penske
Joaquin Phoenix
Nelson Piquet
Alain Prost
Kimi Räikkönen
Daniel Ricciardo
Nico Rosberg
Michael Schumacher
Andreas Seidl
Ayrton Senna
Diego Simeone
Jean Todt
Giuseppe Tornatore
Sebastian Vettel
Max Verstappen
 
Statistiques - réponses
Réponse % Correct
Fernando Alonso
99%
Charles Leclerc
96%
Lando Norris
94%
Lewis Hamilton
94%
Michael Schumacher
90%
Ayrton Senna
88%
Daniel Ricciardo
88%
Alain Prost
87%
Max Verstappen
86%
Niki Lauda
86%
Jenson Button
82%
Kimi Räikkönen
82%
Nico Rosberg
82%
Sebastian Vettel
79%
Mika Häkkinen
78%
Nelson Piquet
74%
Damon Hill
69%
Aucun quiz correspondant
Distribution des résultats
% des personnes avec chaque résultat
Percentile par nombre de réponses
Votre historique - résultats
Vous n’avez pas pris ce quiz